Science Quiz

Random Science Quiz

Idiopathic Pulmonary Fibrosis Quiz Stats

 Plays Quiz not verified by Sporcle

Challenge
Share
Tweet
Embed
Score 0/26 Timer 20:00
0 Plays Today
Hint Answer % Correct
There is patchy fibrosis of the __Interstitium
60%
And __ depositionCollagen
60%
It usually presents in the late __60s
60%
And minimal of absent __Inflammation
40%
There is acute __ proliferationFibroblastic
40%
More common in __Males
40%
Presentation is with progressive __Breathlessness
40%
And a __ coughNon-productive
40%
These changes are most prominent in the __ lung zonesLower
40%
__ is the most sensitive imaging techniqueHigh-resolution CT
40%
Respiratory function tests show a __ defectRestrictive
40%
__ is rarely diagnostic but can exclude other conditions that present similarlyTransbronchial lung biopsy
40%
Such as __Sarcoidosis
40%
Hint Answer % Correct
The median survival without lung transplantation is __5 years
40%
Eventually there is __Respiratory failure, pulmonary HTN & cor pulmonale
20%
__ occurs is 2/3 of casesFinger clubbing
20%
__ are heard heard on auscultationFine inspiratory basal crackles
20%
Rarely, an acute form known as the __ occursHamman-Rich syndrome
20%
CXR appearances are initially of a __ appearanceGround-glass
20%
Progressing to fibrosis & __Honeycomb lung
20%
And shows __ & honeycombingBilateral irregular linear opacities
20%
With __Reduced lung volumes & impaired gas transfer
20%
Blood gases show __ with a normal __Hypoxaemia, PaCO2
20%
Autoantibodies such as __ are present in 1/3 of patientsAntinuclear factor & rheumatoid factor
20%
__ confirmation necessary in some patientsHistological
20%
A __ is performed to obtain a larger specimen & a clear histological diagnosisVideo-assisted thoracoscopic lung biopsy
20%

You're not logged in!

Compare scores with friends on all Sporcle quizzes.
Join for Free
OR
Log In

You Might Also Like...

Show Comments

Extras

Created Dec 8, 2014ReportNominate

Top Quizzes Today


Score Distribution

Your Account Isn't Verified!

In order to create a playlist on Sporcle, you need to verify the email address you used during registration. Go to your Sporcle Settings to finish the process.

Report this User

Report this user for behavior that violates our Community Guidelines.

Details: